000 01141cam a2200133 4500500
005 20251214002002.0
041 _afre
042 _adc
100 1 0 _aDa Lage, Olivier
_eauthor
245 0 0 _aL'Inde, désir de puissance : Désir de puissance
260 _bArmand Colin,
_c2017.
520 _aDès son indépendance en 1947, l’Inde s’est identifiée au mouvement des non-alignés, prônant une troisième voie entre l’alliance avec les Occidentaux et celle avec le bloc soviétique. Cette époque appartient désormais pratiquement au passé. L’Inde, dont la population devrait dépasser celle de la Chine vers 2025, se pose désormais en rivale pour devenir la grande puissance de ce XXIe siècle. Ambitionnant de prendre le relais de l’Europe et des États-Unis, elle revendique un siège de membre permanent au Conseil de sécurité de l’ONU. Son dynamisme démographique et économique soutient ce désir de puissance, mais les obstacles sont nombreux et son ambitieux pari n’est pas encore gagné.
856 4 1 _uhttps://shs.cairn.info/l-inde-desir-de-puissance--9782200614010?lang=fr&redirect-ssocas=7080
999 _c1566647
_d1566647